「西」がつく市名 - Statistics

General Stats
  • This quiz has been taken 46 times
  • The average score is 13 of 15
Answer Stats
都道府県 市名 % Correct
東京都 西東京市
98%
兵庫県 西宮市
98%
兵庫県 加西市
98%
静岡県 湖西市
95%
愛媛県 西条市
95%
千葉県 印西市
85%
愛知県 愛西市
85%
兵庫県 西脇市
85%
兵庫県 川西市
85%
宮崎県 西都市
85%
茨城県 筑西市
83%
愛知県 西尾市
83%
愛媛県 西予市
83%
長崎県 西海市
83%
鹿児島県 西之表市
75%
No matching quizzes found
Score Distribution
Percent of People with Each Score
Percentile by Number Answered
Your Score History
You have not taken this quiz